<?xml version="1.0" encoding="UTF-8"?>
<record
    xmlns:xsi="http://www.w3.org/2001/XMLSchema-instance"
    xsi:schemaLocation="http://www.loc.gov/MARC21/slim http://www.loc.gov/standards/marcxml/schema/MARC21slim.xsd"
    xmlns="http://www.loc.gov/MARC21/slim">

  <leader>00313    a2200109   4500</leader>
  <controlfield tag="001">ART_38672</controlfield>
  <controlfield tag="005">20260410161740.0</controlfield>
  <controlfield tag="008">260409a                                 </controlfield>
  <datafield tag="245" ind1="1" ind2="0">
    <subfield code="a">Derecho del trabajo como sistema</subfield>
  </datafield>
  <datafield tag="100" ind1="1" ind2=" ">
    <subfield code="a">Capon Filas, Rodolfo E.</subfield>
  </datafield>
  <datafield tag="773" ind1="0" ind2=" ">
    <subfield code="t">Doctrina laboral</subfield>
    <subfield code="g">- N&#xBA; 344 (abr. 2014)</subfield>
    <subfield code="w">REV4049</subfield>
  </datafield>
  <datafield tag="999" ind1=" " ind2=" ">
    <subfield code="c">18626</subfield>
    <subfield code="d">18626</subfield>
  </datafield>
</record>
